=LDR 00000nam 2200000 4500 =001 INLIS000000000022206 =005 20130612121003 =008 ***********************************Ind** =035 ##$$0010-061300000022206 =041 ##$$a Ind =082 ##$$a 658.09 =090 ##$$a 658.09, Win m =100 ##$$a Winardi =245 ##$$a Manajer dan manajemen, Prof. DR. Winardi, SE =260 ##$$a 1993 $b Bandung =300 ##$$a xiv, 202 hlm, ilus, 30 cm =650 ##$$a Manajemen dan manajer =850 ##$$a NBPNMAT